| 000 | 00939cam a2200289 a 4500 | ||
|---|---|---|---|
| 001 | 1051132 | ||
| 003 | OSt | ||
| 005 | 20140310182758.0 | ||
| 008 | 900312s1991 mau 000 0 eng | ||
| 010 | _a 90000415 | ||
| 020 | _a9710850601 | ||
| 040 |
_aDLC _cDLC _dDLC |
||
| 050 | 0 | 0 |
_aHD 66 _b.H57 1991 |
| 100 | 1 | _aHirschhorn, Larry. | |
| 245 | 1 | 0 |
_aManaging in the new team environment : _bskills, tools, and methods / _cLarry Hirschhorn. |
| 260 |
_aReading, Mass. : _bAddison-Wesley, _c1991. |
||
| 300 |
_a101 p. : _c21 cm. |
||
| 490 | 1 | _aAddison Wesley OD series | |
| 521 | _aBSBA | ||
| 562 | _eFor circulation. 1 copy available in the collection | ||
| 650 | 0 |
_aTeams in the workplace _xManagement. |
|
| 830 | 0 | _aAddison-Wesley series on organization development. | |
| 906 |
_a7 _bcbc _corignew _d1 _eocip _f19 _gy-gencatlg |
||
| 942 |
_2lcc _cBK _kFOR |
||
| 999 |
_c15915 _d15915 |
||